000 00438nam a2200157 a 4500
001 000016700
005 20200929164941.0
008 100309s1996 dr a 000 0 spa d
040 _aDO-SdBNP
_bspa
_cBNPHU
082 _axxxx
_bA347e
100 1 _aAlcántara, Anibal
_96633
245 1 0 _aEnglish one plus /
_cAnibal Alcántara.
260 _aSanto Domingo :
_bAmigo del Hogar,
_c1996.
300 _a142 p. :
_bil. ;
_c24 cm.
049 _aBNPD
999 _c16233
_d16233